MARC

Tag First Indicator Second Indicator Subfields
LEADER 00000cam a22000008a 4500
001 in00000003204
005 20151007051049.0
008 980220s1998 dcu bf f001 0 eng
010 |a  98003267  
020 |c $28.00 
035 |a (OCoLC)38551160 
035 |9 AJG2992AM 
037 |a 024-005-01187-1  |b GPO 
040 |d GPO  |d DLC  |d MvI  |d UtOrBLW 
043 |a n-us--- 
049 |a UDOC 
050 0 0 |a E159  |b .P27 1998 
074 |a 0648-A 
082 0 0 |a 363.6/9/0973  |2 21 
086 0 |a I 29.9/2:L 23/PACK. 
100 1 |a Page, Robert R. 
245 1 2 |a A guide to cultural landscape reports :  |b contents, process, and techniques /  |c by Robert R. Page, Cathy A. Gilbert, Susan Dolan. 
264 1 |a Washington, DC :  |b U.S. Dept. of the Interior, National Park Service, Cultural Resource Stewardship and Partnerships, Park Historic Structures and Cultural Landscapes Program :  |c 1998. 
264 2 |a Washington, DC :  |b [Supt. of Docs., U.S. G.P.O., distributor], 
300 |a 1 package (1 volume, 15 booklets) :  |b illustrations, maps ;  |c 28 cm. 
336 |a text  |b txt  |2 rdacontent 
337 |a unmediated  |b n  |2 rdamedia 
338 |a volume  |b nc  |2 rdacarrier 
500 |a Shipping list number: 99-0198-P. 
504 |a Includes bibliographical references and index. 
650 0 |a Historic sites  |z United States  |x Conservation and restoration  |x Research  |v Handbooks, manuals, etc. 
650 0 |a Historic preservation  |z United States  |x Research  |v Handbooks, manuals, etc. 
650 0 |a Landscape protection  |z United States  |x Research  |v Handbooks, manuals, etc. 
650 0 |a Report writing  |z United States  |v Handbooks, manuals, etc. 
700 1 |a Gilbert, Cathy. 
700 1 |a Dolan, Susan,  |d 1967- 
710 2 |a Park Historic Structures and Cultural Landscapes Program (U.S.) 
999 |a MARS 
999 f f |s b6714d50-639a-3eda-8a93-1ebf02a59ff9  |i 6690ba95-ae13-3bfe-89de-a1945a00c688  |t 0 
952 f f |p normal  |a Texas A&M University  |b College Station  |c Sterling C. Evans Library  |d Evans: US Documents (Annex 5th floor)  |t 0  |e I 29.9/2:L 23/PACK  |h Superintendent of Documents classification  |i unmediated -- volume  |m A14824478523 
998 f f |a I 29.9/2:L 23/PACK  |t 0  |l Evans: US Documents (Annex 5th floor)